| 000 | 00481nam a2200181Ia 4500 | ||
|---|---|---|---|
| 008 | 170705s9999 xx 000 0 und d | ||
| 020 | _a9780439746250 | ||
| 245 | _aDare to be scared : | ||
| 245 | _bthirteen stories to chill and thrill / | ||
| 245 | _cRobert D. San Souci ; illustrated by David Ouimet. | ||
| 260 | _aNew York : | ||
| 260 | _bScholastic, | ||
| 260 | _c2003 | ||
| 300 | _a159 pages : | ||
| 300 | _bcolor illustration ; | ||
| 300 | _c19cm. | ||
| 500 | _a850 | ||
| 999 |
_c336431 _d336431 |
||